| 000 | 00443nam a2200157Ia 4500 | ||
|---|---|---|---|
| 003 | OSt | ||
| 005 | 20200618103507.0 | ||
| 008 | 190216s9999||||xx |||||||||||||| ||und|| | ||
| 040 | _coclc | ||
| 082 |
_a954 _bDAY/O |
||
| 100 |
_aDayal, R _93035 |
||
| 245 | 0 |
_aOutline Of Indian History And Culture / _cR Dayal |
|
| 260 |
_bOrient Longman, _c1976. _aHyderbad: |
||
| 300 | _a228p | ||
| 942 |
_cBK _2ddc _h954 _iDAY/O _k954 _mDAY/O |
||
| 999 |
_c19798 _d19798 |
||